000 00321nam a2200121Ia 4500
005 20251222153611.0
008 251222s9999||||xx |||||||||||||| ||spa||
082 _a658.001/J54
100 _a"Jiménez Castro, Wilburg"
245 0 _aIntroducción al estudio de la teoría administrativa
250 _a2a.ed.
942 _cLIB
999 _c31595
_d31595